000 00292nam a2200109Ia 4500
008 171211s9999 xx 000 0 und d
245 3 _aAn Introduction to Oil Painting
245 _cRay Smith
260 _c1998
650 _xDrawing
856 _uhttp://down.ebook777.com/006/9780789432896.pdf
999 _c347992
_d347992